[Event "Oberbayerische Einzelmeisterschaft 2018"]
[Site "Gröbenzell"]
[Date "2018.05.10"]
[Round "1.1"]
[White "Grawe, Christian"]
[Black "Rosner, Gerhard"]
[Result "1-0"]
[WhiteElo "2214"]
[BlackElo "2032"]
[PlyCount "75"]
[EventDate "2018.??.??"]
[WhiteTeam "SC Gröbenzell"]
[BlackTeam "SG Pang-Rosenheim"]

1. e4 c5 2. c3 e6 3. d4 d5 4. e5 Nc6 5. Nf3 Qb6 6. a3 Nge7 7. b4 cxd4 8. cxd4
Nf5 9. Bb2 h5 10. Bd3 Bd7 11. Bxf5 exf5 12. Nc3 Be6 13. O-O Be7 14. Rc1 g5 15.
Na4 Qd8 16. Nc5 Bxc5 17. dxc5 g4 18. Ne1 h4 19. Nd3 Qg5 20. Rc2 g3 21. fxg3
hxg3 22. h3 d4 23. Qd2 Qg7 24. b5 Ne7 25. c6 bxc6 26. bxc6 Rc8 27. Bxd4 Nxc6
28. Nf4 Ne7 29. Rxc8+ Bxc8 30. e6 f6 31. Qc3 Rh6 32. Nd5 Bxe6 33. Nxf6+ Kf7 34.
Ng4 Qh7 35. Nxh6+ Qxh6 36. Qxg3 a6 37. Qe5 Bd5 38. Rxf5+ 1-0

[Event "Oberbayerische Einzelmeisterschaft 2018"]
[Site "Gröbenzell"]
[Date "2018.05.10"]
[Round "1.2"]
[White "Lippert, Frank"]
[Black "Salvermoser, Bernd"]
[Result "0-1"]
[WhiteElo "2032"]
[BlackElo "2191"]
[PlyCount "100"]
[EventDate "2018.??.??"]
[WhiteTeam "SK Gräfelfing"]
[BlackTeam "SC Gröbenzell"]

1. d4 Nf6 2. Nf3 c5 3. d5 e6 4. c4 exd5 5. cxd5 d6 6. Nc3 g6 7. e4 Bg7 8. h3 a6
9. a4 Nh5 10. Bd3 O-O 11. O-O Nd7 12. g4 Nhf6 13. Bf4 Qe7 14. Re1 h5 15. e5
dxe5 16. Nxe5 Nxe5 17. Rxe5 Qd7 18. f3 Nh7 19. Re1 Bd4+ 20. Kg2 Nf6 21. d6 hxg4
22. hxg4 Qc6 23. Kg3 g5 24. Bxg5 Qxd6+ 25. Bf4 Bf2+ 26. Kxf2 Qxf4 27. Kg2 Rd8
28. Bh7+ Kxh7 29. Qxd8 Bxg4 30. Rh1+ Kg7 31. Qxf6+ Qxf6 32. fxg4 Qf4 33. Raf1
Qxg4+ 34. Kf2 Qd4+ 35. Kf3 Re8 36. Rfg1+ Kf8 37. Re1 Qf6+ 38. Kg2 b5 39. axb5
axb5 40. Rxe8+ Kxe8 41. Re1+ Kf8 42. Re2 Qc6+ 43. Kg3 b4 44. Ne4 f5 45. Ng5
Qd6+ 46. Kf3 Qd3+ 47. Kf2 Qd4+ 48. Re3 Qh4+ 49. Rg3 f4 50. Ne6+ Ke7 0-1

[Event "Oberbayerische Einzelmeisterschaft 2018"]
[Site "Gröbenzell"]
[Date "2018.05.10"]
[Round "1.3"]
[White "Lochte, Thomas"]
[Black "Steinheimer, Jürgen"]
[Result "1-0"]
[WhiteElo "2135"]
[BlackElo "2023"]
[PlyCount "73"]
[EventDate "2018.??.??"]
[WhiteTeam "SK Weilheim"]
[BlackTeam "SK Gräfelfing"]

1. e4 e6 2. d4 d5 3. Nd2 c5 4. exd5 Qxd5 5. Ngf3 cxd4 6. Bc4 Qd6 7. O-O Nf6 8.
Nb3 Nc6 9. Nbxd4 Nxd4 10. Qxd4 Qxd4 11. Nxd4 Bd7 12. Re1 Rc8 13. Bb3 Bc5 14. c3
Bxd4 15. cxd4 Bc6 16. Bf4 Ke7 17. Be5 Rhd8 18. Rac1 Kf8 19. Rc3 Nd5 20. Rh3 h6
21. g4 Bb5 22. g5 hxg5 23. Bxd5 exd5 24. Bc7 Kg8 25. Bxd8 Rxd8 26. Re7 Bd7 27.
Rc3 Bc6 28. Rg3 f6 29. h4 Kf8 30. Rc7 Rd7 31. Rxd7 Bxd7 32. hxg5 fxg5 33. Rxg5
Be6 34. Kh2 Kf7 35. Kg3 Kf6 36. Kf4 a6 37. b4 1-0

[Event "Oberbayerische Einzelmeisterschaft 2018"]
[Site "Gröbenzell"]
[Date "2018.05.10"]
[Round "1.4"]
[White "Ott, Josef Sebastian"]
[Black "Walter, Tobias"]
[Result "0-1"]
[WhiteElo "2020"]
[BlackElo "2116"]
[PlyCount "56"]
[EventDate "2018.??.??"]
[WhiteTeam "SG Traunstein/Traunreut"]
[BlackTeam "SC Gröbenzell"]

1. e4 e6 2. d4 d5 3. Nc3 Nf6 4. e5 Nfd7 5. f4 c5 6. Nf3 Nc6 7. Be3 Qb6 8. Na4
Qc7 9. dxc5 Qa5+ 10. Nc3 Bxc5 11. Nd4 Bb4 12. Nb3 Qc7 13. Bd3 Na5 14. O-O Nxb3
15. Nb5 Qd8 16. axb3 O-O 17. Bxa7 b6 18. Ra4 Be7 19. b4 Bb7 20. c4 Qc8 21. Qc2
g6 22. b3 Ba6 23. Qf2 Bxb5 24. cxb5 Qc3 25. Bc2 Bxb4 26. Kh1 Rfc8 27. Ra2 Bc5
28. Qe2 Rc7 0-1

[Event "Oberbayerische Einzelmeisterschaft 2018"]
[Site "Gröbenzell"]
[Date "2018.05.10"]
[Round "1.5"]
[White "Schlosser, Andree"]
[Black "Graf, Christian"]
[Result "1/2-1/2"]
[WhiteElo "2087"]
[BlackElo "2014"]
[PlyCount "44"]
[EventDate "2018.??.??"]
[WhiteTeam "TuS Fürstenfeldbruck"]
[BlackTeam "SU Ebersberg-Grafing"]

1. c4 c6 2. g3 d5 3. Bg2 Nf6 4. Nf3 Bf5 5. Qb3 Qb6 6. d3 e6 7. Be3 Qxb3 8. axb3
a6 9. Nc3 Nbd7 10. O-O Be7 11. Nh4 Bg6 12. h3 O-O 13. Nxg6 hxg6 14. f4 Bc5 15.
d4 Be7 16. Bf2 Rfd8 17. e4 dxe4 18. Nxe4 Nxe4 19. Bxe4 Nf6 20. Bf3 Rd7 21. Rfe1
Kf8 22. Rad1 Rad8 1/2-1/2

[Event "Oberbayerische Einzelmeisterschaft 2018"]
[Site "Gröbenzell"]
[Date "2018.05.10"]
[Round "1.6"]
[White "Stocker, Rupert"]
[Black "Shahin, Walid"]
[Result "0-1"]
[WhiteElo "2011"]
[BlackElo "2084"]
[PlyCount "130"]
[EventDate "2018.??.??"]
[WhiteTeam "SC Gröbenzell"]
[BlackTeam "SK Weilheim"]

1. c4 e6 2. g3 d5 3. Bg2 c6 4. b3 a5 5. Nf3 a4 6. O-O Nf6 7. d3 Bd6 8. Nc3 a3
9. e4 Bb4 10. Qc2 O-O 11. e5 Nfd7 12. d4 Re8 13. Be3 Na6 14. Rac1 Be7 15. h4
Nb4 16. Qe2 b6 17. Rfd1 Ba6 18. Ng5 Rc8 19. Qh5 Bxg5 20. Bxg5 f6 21. exf6 Nxf6
22. Qe2 h6 23. Bf4 dxc4 24. bxc4 b5 25. cxb5 cxb5 26. Be5 Rc4 27. Ne4 Nxe4 28.
Bxe4 Qd7 29. Qh5 Kf8 30. Rxc4 bxc4 31. Rb1 Nd5 32. Qg6 Qf7 33. Qh7 Rd8 34. Bxd5
exd5 35. Rb6 Bc8 36. Bd6+ Ke8 37. Qb1 Qf5 38. Bxa3 Qxb1+ 39. Rxb1 Bf5 40. Re1+
Kd7 41. Re7+ Kc6 42. Bb4 g5 43. Rf7 Bd3 44. h5 Kb5 45. a3 Rc8 46. Rf3 g4 47.
Re3 Be4 48. Kf1 Rg8 49. Be7 Ka4 50. Ke1 Rg7 51. Bf8 Rf7 52. Bxh6 Rh7 53. Bf8
Rxh5 54. Rc3 Rh1+ 55. Kd2 Rh7 56. Bd6 Rf7 57. Ke1 Rf6 58. Bc5 Bd3 59. Rc1 Re6+
60. Kd2 Re2+ 61. Kc3 Rxf2 62. Bd6 Be4 63. Bf4 Rf3+ 64. Kd2 Rd3+ 65. Ke2 Rxd4
0-1

[Event "Oberbayerische Einzelmeisterschaft 2018"]
[Site "Gröbenzell"]
[Date "2018.05.10"]
[Round "1.7"]
[White "Lechermann, Markus"]
[Black "Theumer, Lutz"]
[Result "1/2-1/2"]
[WhiteElo "2082"]
[BlackElo "2005"]
[PlyCount "53"]
[EventDate "2018.??.??"]
[WhiteTeam "MTV Ingolstadt"]
[BlackTeam "SC Moosburg"]

1. d4 d5 2. Nf3 Nf6 3. e3 c5 4. b3 Nc6 5. Bb2 Bf5 6. Bd3 Bxd3 7. cxd3 e6 8. O-O
Be7 9. Nbd2 O-O 10. dxc5 Bxc5 11. Ne5 Nxe5 12. Bxe5 Ba3 13. Nb1 Be7 14. Qd2 Nd7
15. Bb2 Rc8 16. Nc3 Qa5 17. a3 Rc7 18. b4 Qb6 19. Rac1 Rfc8 20. Ne2 Bf6 21.
Bxf6 Nxf6 22. Rxc7 Qxc7 23. Rc1 Qd7 24. Rc3 Ne8 25. Qc2 Rxc3 26. Qxc3 Qc7 27.
h3 1/2-1/2

[Event "Oberbayerische Einzelmeisterschaft 2018"]
[Site "Gröbenzell"]
[Date "2018.05.10"]
[Round "1.8"]
[White "Sörgel, Thomas"]
[Black "Straub, Jürgen"]
[Result "1-0"]
[WhiteElo "1985"]
[BlackElo "2068"]
[PlyCount "131"]
[EventDate "2018.??.??"]
[WhiteTeam "SK Gräfelfing"]
[BlackTeam "TSV Ingolstadt Nord"]

1. c4 e5 2. Nc3 Nc6 3. g3 Bc5 4. Bg2 a6 5. a3 d6 6. b4 Ba7 7. Nf3 f5 8. d3 Nf6
9. Bg5 h6 10. Bxf6 Qxf6 11. Nd5 Qf7 12. O-O O-O 13. e3 Be6 14. Nd2 Nd8 15. a4
c6 16. Nc3 d5 17. c5 a5 18. Ne2 axb4 19. d4 e4 20. a5 Bb8 21. Qb3 g5 22. f4
exf3 23. Bxf3 Qg6 24. Qxb4 Bc7 25. Bg2 Bc8 26. Nf3 Ne6 27. Qd2 Ng7 28. Nc1 Qe8
29. Nd3 Qd8 30. a6 Rxa6 31. Rxa6 bxa6 32. Nde5 Qe8 33. Qa2 Kh7 34. Qa4 Rf6 35.
g4 a5 36. gxf5 Bxe5 37. Nxe5 Rxf5 38. Qxa5 Rxf1+ 39. Bxf1 Nf5 40. Qc7+ Kg8 41.
Qxc6 Qxc6 42. Nxc6 Kf8 43. Kf2 h5 44. Bd3 Bd7 45. Nb4 Ne7 46. e4 dxe4 47. Bxe4
Nc8 48. Ke3 Ke7 49. Bg6 h4 50. Nd5+ Kd8 51. Nf6 Be6 52. Bh5 Ne7 53. Ke4 Bh3 54.
d5 Bf1 55. Bg4 Ng6 56. Kf5 Nf4 57. Kxg5 Nd3 58. c6 Bg2 59. Kxh4 Nb4 60. Be6
Nxc6 61. dxc6 Bxc6 62. Kg5 Ke7 63. Bd5 Ba4 64. Kg6 Kf8 65. Nh7+ Ke7 66. Kg7 1-0

[Event "Oberbayerische Einzelmeisterschaft 2018"]
[Site "Gröbenzell"]
[Date "2018.05.10"]
[Round "1.9"]
[White "Glawe, Ralf"]
[Black "Vaccaroni, Juan Manuel"]
[Result "1/2-1/2"]
[WhiteElo "2059"]
[BlackElo "1970"]
[PlyCount "59"]
[EventDate "2018.??.??"]
[WhiteTeam "MTV Ingolstadt"]
[BlackTeam "SK Neuburg"]

1. e4 e5 2. Nf3 Nf6 3. Nxe5 d6 4. Nf3 Nxe4 5. Nc3 Nxc3 6. dxc3 Be7 7. Be3 Nc6
8. Qd2 Be6 9. O-O-O Qd7 10. Ng5 a6 11. Nxe6 fxe6 12. Be2 h5 13. Rhe1 O-O-O 14.
f4 Kb8 15. Bf3 Bf6 16. Qe2 g6 17. g3 e5 18. Qg2 exf4 19. Bxf4 Rde8 20. h3 g5
21. Bd2 g4 22. hxg4 hxg4 23. Bd5 Rxe1 24. Rxe1 Re8 25. Rf1 Be5 26. Rf7 Re7 27.
Rf8+ Re8 28. Rf7 Re7 29. Rf8+ Re8 30. Rf7 1/2-1/2

[Event "Oberbayerische Einzelmeisterschaft 2018"]
[Site "Gröbenzell"]
[Date "2018.05.10"]
[Round "1.10"]
[White "Heinz-Leisenheimer, Matthias"]
[Black "Kobl, Rudolf"]
[Result "0-1"]
[WhiteElo "1913"]
[BlackElo "2048"]
[PlyCount "88"]
[EventDate "2018.??.??"]
[WhiteTeam "SC Prien"]
[BlackTeam "SK Wasserburg"]

1. d4 Nf6 2. c4 e6 3. Nc3 d5 4. cxd5 exd5 5. Bg5 Be7 6. e3 O-O 7. Bd3 c6 8.
Nge2 Nbd7 9. f3 Re8 10. Qd2 Nf8 11. O-O-O b5 12. Kb1 Ne6 13. h4 b4 14. Na4 Qd6
15. e4 dxe4 16. fxe4 Ng4 17. e5 Qd5 18. Ng3 g6 19. Be4 Qb5 20. Rc1 Bd7 21. Bxe7
Rxe7 22. Nc5 Nxc5 23. Rxc5 Qb6 24. h5 Rae8 25. hxg6 fxg6 26. Qg5 Rg7 27. Rhc1
b3 28. axb3 h6 29. Qd2 Qxb3 30. Bf3 Be6 31. R1c3 Qa2+ 32. Kc1 Qa1+ 33. Kc2 Rb8
34. Qc1 Qa4+ 35. Kd3 Rd8 36. Qg1 Rgd7 37. Bxc6 Rxd4+ 38. Ke2 Rd2+ 39. Kf3 R2d3+
40. Rxd3 Rxd3+ 41. Ke2 Qb3 42. Ne4 Re3+ 43. Kd2 Qxb2+ 44. Rc2 Qd4+ 0-1

[Event "Oberbayerische Einzelmeisterschaft 2018"]
[Site "Gröbenzell"]
[Date "2018.05.10"]
[Round "1.11"]
[White "Ungnad, Reiner"]
[Black "Höller, Armin"]
[Result "1/2-1/2"]
[WhiteElo "2043"]
[BlackElo "1899"]
[PlyCount "136"]
[EventDate "2018.??.??"]
[WhiteTeam "SC Gröbenzell"]
[BlackTeam "SK Weilheim"]

1. e4 e5 2. Nf3 Nc6 3. Bb5 a6 4. Ba4 Nf6 5. d3 b5 6. Bb3 d6 7. c3 Be7 8. Nbd2
O-O 9. O-O Na5 10. Bc2 c5 11. Re1 Re8 12. Nf1 h6 13. Ng3 Qc7 14. h3 Bf8 15. Nh2
d5 16. Qf3 Qc6 17. Ng4 Nxg4 18. hxg4 dxe4 19. Nxe4 Bb7 20. g5 hxg5 21. Bxg5 Qg6
22. Bd2 f5 23. Qg3 Qxg3 24. Nxg3 g6 25. Re2 c4 26. Rae1 cxd3 27. Bxd3 e4 28.
Bc2 Bd6 29. Nf1 Kg7 30. Be3 Nc4 31. Bd4+ Be5 32. Bxe5+ Rxe5 33. f4 Re7 34. Bb3
Rd7 35. Bxc4 bxc4 36. Ne3 Rc8 37. Kf2 a5 38. g4 fxg4 39. Rg1 Rf7 40. Rxg4 Rcf8
41. f5 Bc8 42. Rxg6+ Kh7 43. Rc6 Bxf5 44. Nxf5 Rxf5+ 45. Ke3 Rf3+ 46. Kxe4
R3f4+ 47. Kd5 R8f5+ 48. Re5 Rxe5+ 49. Kxe5 Rf2 50. Rxc4 Rxb2 51. a4 Rd2 52. Rc5
Rd3 53. c4 Kg7 54. Rxa5 Kf7 55. c5 Ke7 56. c6 Rd1 57. Rd5 Re1+ 58. Kd4 Rc1 59.
Rc5 Rd1+ 60. Ke5 Re1+ 61. Kd5 Rd1+ 62. Ke4 Re1+ 63. Kd3 Kd8 64. Rc4 Rd1+ 65.
Kc3 Kc7 66. Kb4 Rb1+ 67. Kc5 Rb6 68. Kd5 Ra6 1/2-1/2

[Event "Oberbayerische Einzelmeisterschaft 2018"]
[Site "Gröbenzell"]
[Date "2018.05.10"]
[Round "1.12"]
[White "Mooser, Nicolas"]
[Black "Szalewa, Sven"]
[Result "1/2-1/2"]
[WhiteElo "1896"]
[BlackElo "2041"]
[PlyCount "61"]
[EventDate "2018.??.??"]
[WhiteTeam "PSV Dorfen"]
[BlackTeam "SC Starnberg"]

1. Nf3 d5 2. g3 Nf6 3. Bg2 Bf5 4. O-O c6 5. c4 e6 6. cxd5 exd5 7. d3 Be7 8. Nc3
O-O 9. Qb3 Qb6 10. Qc2 h6 11. e4 dxe4 12. dxe4 Bh7 13. Be3 Qb4 14. Nd4 Ng4 15.
Nf5 Nxe3 16. Nxe3 Nd7 17. Rfd1 Nf6 18. Nf5 Bxf5 19. exf5 Rad8 20. a3 Qa5 21.
Re1 Rfe8 22. b4 Qc7 23. Rad1 Rxd1 24. Rxd1 Qe5 25. Na4 a5 26. bxa5 Qxa5 27. Qb3
Qxf5 28. Qxb7 Qc2 29. Re1 Bxa3 30. Rxe8+ Nxe8 31. Qxc6 1/2-1/2

[Event "Oberbayerische Einzelmeisterschaft 2018"]
[Site "Gröbenzell"]
[Date "2018.05.10"]
[Round "1.13"]
[White "Böhm, Korbinian"]
[Black "Holzmayr, Norbert"]
[Result "1-0"]
[WhiteElo "2040"]
[BlackElo "1712"]
[PlyCount "91"]
[EventDate "2018.??.??"]
[WhiteTeam "Sportfr.Windach"]
[BlackTeam "SV Ilmmünster"]

1. e4 e5 2. f4 d5 3. exd5 exf4 4. Nc3 Nf6 5. Bc4 Bd6 6. Nf3 O-O 7. O-O a6 8. a4
Bg4 9. d4 c6 10. Qd3 c5 11. dxc5 Bxc5+ 12. Kh1 Qc7 13. Nd4 Bd6 14. Nce2 Nbd7
15. Ba2 Ne5 16. Qc3 Qxc3 17. Nxc3 f3 18. gxf3 Bc5 19. fxg4 Bxd4 20. g5 Nfd7 21.
Ne4 Ng4 22. c3 Bb6 23. Bf4 Rae8 24. Rae1 f5 25. gxf6 gxf6 26. Bd6 Rf7 27. Bg3
Kh8 28. Nd6 Rxe1 29. Nxf7+ Kg7 30. Rxe1 Kxf7 31. d6+ Kg6 32. Bb1+ f5 33. Re6+
Ngf6 34. Re1 Ng4 35. h3 Nh6 36. Re6+ Nf6 37. Re7 Bd8 38. Rxb7 Nd5 39. Ba2 f4
40. Bxd5 fxg3 41. Kg2 Kf6 42. Rb8 Ke5 43. Ba2 Bg5 44. d7 Nf5 45. d8=Q Nh4+ 46.
Kxg3 1-0

[Event "Oberbayerische Einzelmeisterschaft 2018"]
[Site "Gröbenzell"]
[Date "2018.05.10"]
[Round "2.1"]
[White "Shahin, Walid"]
[Black "Grawe, Christian"]
[Result "1/2-1/2"]
[WhiteElo "2084"]
[BlackElo "2214"]
[PlyCount "67"]
[EventDate "2018.??.??"]
[WhiteTeam "SK Weilheim"]
[BlackTeam "SC Gröbenzell"]

1. d4 Nf6 2. c4 e6 3. Nc3 Bb4 4. Qc2 d5 5. a3 Bxc3+ 6. bxc3 dxc4 7. e4 b5 8. a4
c6 9. Nf3 h6 10. Ba3 Nbd7 11. Be2 Ng8 12. O-O Ne7 13. Ne5 Bb7 14. f4 O-O 15.
Nxd7 Qxd7 16. Bc5 Rfe8 17. Rae1 Qc7 18. Bg4 a5 19. f5 exf5 20. Bxf5 Nxf5 21.
Rxf5 Bc8 22. Rf3 Bg4 23. Rg3 Bh5 24. e5 Bg6 25. Rxg6 fxg6 26. e6 Kh7 27. e7 Qd7
28. Re5 b4 29. cxb4 axb4 30. Qxc4 Rxa4 31. h3 Ra1+ 32. Kh2 b3 33. Qxb3 Rf1 34.
Qe3 1/2-1/2

[Event "Oberbayerische Einzelmeisterschaft 2018"]
[Site "Gröbenzell"]
[Date "2018.05.10"]
[Round "2.2"]
[White "Salvermoser, Bernd"]
[Black "Böhm, Korbinian"]
[Result "1-0"]
[WhiteElo "2191"]
[BlackElo "2040"]
[PlyCount "45"]
[EventDate "2018.??.??"]
[WhiteTeam "SC Gröbenzell"]
[BlackTeam "Sportfr.Windach"]

1. d4 Nf6 2. c4 g6 3. Nc3 Bg7 4. e4 d6 5. Be2 O-O 6. Bg5 Nbd7 7. f4 c5 8. d5 a6
9. a4 Qc7 10. Qd2 Re8 11. Nf3 e5 12. dxe6 Rxe6 13. Bd3 Nxe4 14. Nxe4 f5 15. O-O
fxe4 16. Bxe4 Nb6 17. Rae1 Bd7 18. b3 Kh8 19. a5 Nc8 20. f5 gxf5 21. Bxf5 Rxe1
22. Rxe1 b6 23. Qd5 1-0

[Event "Oberbayerische Einzelmeisterschaft 2018"]
[Site "Gröbenzell"]
[Date "2018.05.10"]
[Round "2.3"]
[White "Kobl, Rudolf"]
[Black "Lochte, Thomas"]
[Result "1/2-1/2"]
[WhiteElo "2048"]
[BlackElo "2135"]
[PlyCount "80"]
[EventDate "2018.??.??"]
[WhiteTeam "SK Wasserburg"]
[BlackTeam "SK Weilheim"]

1. d4 Nf6 2. c4 e5 3. dxe5 Ng4 4. Bf4 Bb4+ 5. Nc3 Bxc3+ 6. bxc3 Nc6 7. Nf3 Qe7
8. Qd5 Qa3 9. Qd2 Qc5 10. e3 O-O 11. h3 Nh6 12. Be2 Re8 13. O-O Nf5 14. Qd5 d6
15. exd6 cxd6 16. g4 Nfe7 17. Qxd6 Qa5 18. Qd2 h5 19. Nd4 hxg4 20. Nxc6 Nxc6
21. hxg4 Be6 22. Rab1 Qa4 23. c5 Rad8 24. Qb2 f6 25. Qxb7 Bd5 26. c4 Nd4 27.
cxd5 Nxe2+ 28. Kg2 Nxf4+ 29. exf4 Qxf4 30. Rb4 Re4 31. Rxe4 Qxe4+ 32. f3 Qc2+
33. Rf2 Qxc5 34. Rd2 Qc3 35. Rf2 Qd4 36. Re2 Rxd5 37. Qb8+ Kh7 38. Qb1+ Qd3 39.
Qxd3+ Rxd3 40. Kg3 Ra3 1/2-1/2

[Event "Oberbayerische Einzelmeisterschaft 2018"]
[Site "Gröbenzell"]
[Date "2018.05.10"]
[Round "2.4"]
[White "Walter, Tobias"]
[Black "Sörgel, Thomas"]
[Result "1-0"]
[WhiteElo "2116"]
[BlackElo "1985"]
[PlyCount "59"]
[EventDate "2018.??.??"]
[WhiteTeam "SC Gröbenzell"]
[BlackTeam "SK Gräfelfing"]

1. d4 d5 2. Bf4 Nf6 3. e3 e6 4. Nd2 c5 5. c3 Nc6 6. Ngf3 Be7 7. Bd3 O-O 8. Ne5
cxd4 9. exd4 Re8 10. h4 Nxe5 11. dxe5 Nd7 12. Nf3 Nf8 13. Qe2 Bd7 14. O-O-O f5
15. Rdg1 h5 16. Nd4 g6 17. f3 Bxh4 18. g4 Bg5 19. Qd2 Bxf4 20. Qxf4 Re7 21.
gxf5 exf5 22. Bxf5 Rg7 23. Bc2 Qe7 24. Rg5 Qf7 25. Qg3 a5 26. Rg1 Ra6 27. f4
Be8 28. f5 Qc7 29. f6 Rh7 30. Bxg6 1-0

[Event "Oberbayerische Einzelmeisterschaft 2018"]
[Site "Gröbenzell"]
[Date "2018.05.10"]
[Round "2.5"]
[White "Szalewa, Sven"]
[Black "Schlosser, Andree"]
[Result "1/2-1/2"]
[WhiteElo "2041"]
[BlackElo "2087"]
[PlyCount "51"]
[EventDate "2018.??.??"]
[WhiteTeam "SC Starnberg"]
[BlackTeam "TuS Fürstenfeldbruck"]

1. d4 d6 2. e4 Nf6 3. Nc3 c6 4. a4 Qa5 5. f3 g6 6. Be3 Bg7 7. Bd3 Nbd7 8. Nge2
h5 9. Qd2 h4 10. Rb1 Qh5 11. Nf4 Qh7 12. Nh3 Nf8 13. Ng5 Qg8 14. Rd1 N6h7 15.
Bc4 Nxg5 16. Bxg5 a6 17. a5 Rh5 18. Na4 Qh8 19. Nb6 Rb8 20. Be3 Be6 21. b4 Bxc4
22. Nxc4 Nd7 23. O-O Bh6 24. Bxh6 Qxh6 25. Qxh6 Rxh6 26. Ra1 1/2-1/2

[Event "Oberbayerische Einzelmeisterschaft 2018"]
[Site "Gröbenzell"]
[Date "2018.05.10"]
[Round "2.6"]
[White "Vaccaroni, Juan Manuel"]
[Black "Lechermann, Markus"]
[Result "0-1"]
[WhiteElo "1970"]
[BlackElo "2082"]
[PlyCount "82"]
[EventDate "2018.??.??"]
[WhiteTeam "SK Neuburg"]
[BlackTeam "MTV Ingolstadt"]

1. Nc3 c5 2. e4 Nc6 3. Nf3 e6 4. d4 cxd4 5. Nxd4 Qc7 6. f4 a6 7. Nxc6 dxc6 8.
e5 b5 9. Be3 Bb7 10. Bd3 Rd8 11. Qf3 b4 12. Na4 c5 13. Be4 Bxe4 14. Qxe4 Nh6
15. O-O Ng4 16. b3 Nxe3 17. Qxe3 Be7 18. Kh1 O-O 19. Nb2 Rd4 20. Rad1 Rfd8 21.
Rxd4 cxd4 22. Qd3 a5 23. Nc4 a4 24. f5 exf5 25. Qxf5 Bf8 26. h3 axb3 27. axb3
Qd7 28. Qd3 Qd5 29. Re1 g6 30. Nd2 Bg7 31. Nf3 Bh6 32. Ra1 Bf4 33. Re1 Be3 34.
Ra1 Rc8 35. Rd1 Rc3 36. Qe2 Qc5 37. Ne1 Qxe5 38. Nd3 Qe7 39. Nb2 Rc6 40. Rxd4
Re6 41. Rd1 Bd4 0-1

[Event "Oberbayerische Einzelmeisterschaft 2018"]
[Site "Gröbenzell"]
[Date "2018.05.10"]
[Round "2.7"]
[White "Höller, Armin"]
[Black "Glawe, Ralf"]
[Result "0-1"]
[WhiteElo "1899"]
[BlackElo "2059"]
[PlyCount "82"]
[EventDate "2018.??.??"]
[WhiteTeam "SK Weilheim"]
[BlackTeam "MTV Ingolstadt"]

1. c4 c5 2. g3 g6 3. Bg2 Bg7 4. Nc3 Nc6 5. e4 e6 6. Nge2 Nge7 7. d3 O-O 8. O-O
d6 9. a3 Rb8 10. Rb1 b6 11. b4 Bb7 12. b5 Nd4 13. Nxd4 cxd4 14. Ne2 e5 15. f4
f5 16. a4 fxe4 17. dxe4 Rc8 18. Qb3 Kh8 19. Ba3 Qd7 20. Qd3 Qe6 21. Rbc1 Bh6
22. Rc2 Ng8 23. h3 Rf7 24. Kh2 Nf6 25. f5 Qe7 26. g4 Nd7 27. Kg3 Bg5 28. Rh1
Bh4+ 29. Kh2 Nc5 30. Bxc5 Rxc5 31. Nc1 Bg5 32. Nb3 Rc8 33. Rf1 Be3 34. a5 Qg5
35. axb6 axb6 36. Nc1 Re8 37. Na2 gxf5 38. gxf5 Rg8 39. Kh1 Qh4 40. Nb4 Rxg2
41. Rxg2 Bxe4 0-1

[Event "Oberbayerische Einzelmeisterschaft 2018"]
[Site "Gröbenzell"]
[Date "2018.05.10"]
[Round "2.8"]
[White "Theumer, Lutz"]
[Black "Ungnad, Reiner"]
[Result "0-1"]
[WhiteElo "2005"]
[BlackElo "2043"]
[PlyCount "72"]
[EventDate "2018.??.??"]
[WhiteTeam "SC Moosburg"]
[BlackTeam "SC Gröbenzell"]

1. d4 d5 2. Bf4 Nf6 3. e3 c5 4. c3 Nc6 5. Nd2 g6 6. Ngf3 Bg7 7. Be2 O-O 8. O-O
b6 9. Ne5 Bb7 10. h4 Nd7 11. Nxd7 Qxd7 12. h5 Rfe8 13. Nf3 e5 14. dxe5 Nxe5 15.
Nxe5 Bxe5 16. hxg6 hxg6 17. Bg4 Qc7 18. Bxe5 Qxe5 19. Bf3 Rad8 20. Qe2 Rd7 21.
Rad1 Kg7 22. g3 Qg5 23. Kg2 Qf6 24. Rfe1 Re5 25. Rd2 Bc6 26. Qd1 Qe6 27. Qc2 b5
28. a3 a5 29. b4 axb4 30. axb4 Qe7 31. Red1 Bb7 32. e4 dxe4 33. Rxd7 exf3+ 34.
Kg1 Qe6 35. R1d6 Re1+ 36. Kh2 Rh1+ 0-1

[Event "Oberbayerische Einzelmeisterschaft 2018"]
[Site "Gröbenzell"]
[Date "2018.05.10"]
[Round "2.9"]
[White "Graf, Christian"]
[Black "Mooser, Nicolas"]
[Result "1/2-1/2"]
[WhiteElo "2014"]
[BlackElo "1896"]
[PlyCount "46"]
[EventDate "2018.??.??"]
[WhiteTeam "SU Ebersberg-Grafing"]
[BlackTeam "PSV Dorfen"]

1. e4 c5 2. Nf3 e6 3. b3 Nc6 4. Bb2 a6 5. Be2 Nf6 6. e5 Nd5 7. O-O Be7 8. Re1
O-O 9. Nc3 Nf4 10. Bf1 b5 11. a4 b4 12. Ne4 Qc7 13. d3 Ng6 14. Ned2 Bb7 15. g3
d5 16. exd6 Bxd6 17. Nc4 e5 18. Bg2 f6 19. Nfd2 Rad8 20. Qh5 Nd4 21. Bxd4 cxd4
22. Qf5 Bxg2 23. Kxg2 Rfe8 1/2-1/2

[Event "Oberbayerische Einzelmeisterschaft 2018"]
[Site "Gröbenzell"]
[Date "2018.05.10"]
[Round "2.10"]
[White "Straub, Jürgen"]
[Black "Ott, Josef Sebastian"]
[Result "1-0"]
[WhiteElo "2068"]
[BlackElo "2020"]
[PlyCount "51"]
[EventDate "2018.??.??"]
[WhiteTeam "TSV Ingolstadt Nord"]
[BlackTeam "SG Traunstein/Traunreut"]

1. e4 c5 2. Nf3 d6 3. Bb5+ Nd7 4. O-O a6 5. Bd3 g6 6. c3 Bg7 7. Bc2 e6 8. d4
Ne7 9. dxc5 dxc5 10. a4 O-O 11. Nbd2 b6 12. Nc4 Bb7 13. Qe2 Qc7 14. Rd1 Rad8
15. Be3 Nc6 16. Nd6 Nce5 17. Nxb7 Qxb7 18. Nxe5 Nxe5 19. f4 Nc6 20. e5 Ne7 21.
a5 Nd5 22. Qf3 bxa5 23. Bxc5 Rfe8 24. Ba4 Qc7 25. Bd6 Qb6+ 26. Qf2 1-0

[Event "Oberbayerische Einzelmeisterschaft 2018"]
[Site "Gröbenzell"]
[Date "2018.05.10"]
[Round "2.11"]
[White "Rosner, Gerhard"]
[Black "Stocker, Rupert"]
[Result "1-0"]
[WhiteElo "2032"]
[BlackElo "2011"]
[PlyCount "81"]
[EventDate "2018.??.??"]
[WhiteTeam "SG Pang-Rosenheim"]
[BlackTeam "SC Gröbenzell"]

1. d4 b5 2. e4 Bb7 3. Bd3 e6 4. Qe2 a6 5. Nf3 Nf6 6. Bg5 Be7 7. Nbd2 d6 8. O-O
c5 9. c3 O-O 10. a4 b4 11. cxb4 cxb4 12. a5 Nc6 13. Nb3 h6 14. Be3 Re8 15. Nfd2
Bf8 16. f4 e5 17. fxe5 dxe5 18. d5 Nd4 19. Qf2 Qd7 20. h3 Nxb3 21. Nxb3 Nxd5
22. exd5 Qxd5 23. Bc2 Rac8 24. Bd1 f5 25. Nd2 Kh8 26. Bb3 Qd3 27. Ba4 Re6 28.
Nf3 f4 29. Ba7 Ra8 30. Rfd1 Qg6 31. Bb6 e4 32. Bd7 Re7 33. Nh4 Qf7 34. Bf5 g5
35. Ng6+ Kg8 36. Nxe7+ Bxe7 37. Bg4 h5 38. Be2 e3 39. Qf1 Kh7 40. Rd7 Bc8 41.
Bc4 1-0

[Event "Oberbayerische Einzelmeisterschaft 2018"]
[Site "Gröbenzell"]
[Date "2018.05.10"]
[Round "2.12"]
[White "Holzmayr, Norbert"]
[Black "Lippert, Frank"]
[Result "0-1"]
[WhiteElo "1712"]
[BlackElo "2032"]
[PlyCount "48"]
[EventDate "2018.??.??"]
[WhiteTeam "SV Ilmmünster"]
[BlackTeam "SK Gräfelfing"]

1. d4 Nf6 2. Bg5 c5 3. d5 Qb6 4. Nc3 d6 5. e4 Nbd7 6. f3 g6 7. Qc1 Bg7 8. Bb5
a6 9. Ba4 Qc7 10. Bxd7+ Bxd7 11. a4 O-O 12. h4 b5 13. Bh6 b4 14. Bxg7 Kxg7 15.
Nd1 e6 16. h5 exd5 17. exd5 Rae8+ 18. Kf1 Re5 19. hxg6 fxg6 20. c4 bxc3 21.
Qh6+ Kg8 22. Nxc3 Bf5 23. Rd1 Ng4 24. fxg4 Bd3# 0-1

[Event "Oberbayerische Einzelmeisterschaft 2018"]
[Site "Gröbenzell"]
[Date "2018.05.10"]
[Round "2.13"]
[White "Steinheimer, Jürgen"]
[Black "Heinz-Leisenheimer, Matthias"]
[Result "1-0"]
[WhiteElo "2023"]
[BlackElo "1913"]
[PlyCount "101"]
[EventDate "2018.??.??"]
[WhiteTeam "SK Gräfelfing"]
[BlackTeam "SC Prien"]

1. e4 d6 2. d4 Nf6 3. Nc3 g6 4. Nf3 c6 5. a4 a5 6. Be2 Bg7 7. O-O O-O 8. h3 Na6
9. Be3 h6 10. Qc1 Kh7 11. Rd1 Qc7 12. d5 Nd7 13. Nd4 Nac5 14. Qd2 Nf6 15. Bf3
Ncd7 16. Bf4 Ne5 17. Be2 Qb6 18. Ra3 c5 19. Ndb5 g5 20. Bxe5 dxe5 21. Qe3 Ne8
22. Rb3 Qg6 23. Qxc5 g4 24. hxg4 Bxg4 25. Qe3 f5 26. Bxg4 Qxg4 27. f3 f4 28.
fxg4 fxe3 29. Re1 Rf2 30. Re2 Rf4 31. Rxe3 Bf6 32. Nd1 Bh4 33. g3 Rxg4 34. Kh2
Bf6 35. Nf2 Rg5 36. Rec3 Ng7 37. Nc7 Rg8 38. Ne6 Rh5+ 39. Nh3 Ne8 40. Rc8 Nd6
41. Rxg8 Kxg8 42. Nc5 Nc4 43. Kg2 b6 44. Nd7 Nd2 45. Nxf6+ exf6 46. g4 Nxb3 47.
cxb3 Rg5 48. Nxg5 hxg5 49. Kf3 Kf7 50. Ke3 Ke7 51. Kd3 1-0